Normal view
MARC view
Entry Personal Name
001 - CONTROL NUMBER
- control field: 249670
003 - CONTROL NUMBER IDENTIFIER
- control field: OSt
005 - DATE AND TIME OF LATEST TRANSACTION
- control field: 20251222112926.0
008 - FIXED-LENGTH DATA ELEMENTS
- fixed length control field: 251222|| aca||aabn | a|a d
040 ## - CATALOGING SOURCE
- Original cataloging agency: OSt
- Transcribing agency: OSt
100 ## - HEADING--PERSONAL NAME
- Personal name: Vamana Nandavara
670 ## - SOURCE DATA FOUND
- Source citation: Work cat.: (OSt)121183: Vamana Nandavara, Koti Chennaya, 2015